00322nam a2200109Ia 450000500170000000800410001710000190005824500990007726000140017630000110019065000110020120260328104313.0260328s9999||||xx |||||||||||||| ||und|| aDersin, Denise 0aWhat Life was Like in the time of war and peace imperial Russia AD 1666-1917 /cDenise Dersin bTime Life a144 p. aRUSIA